Statistics for Countries Closest to...

Click here to take the quiz!

General Stats

  • This quiz has been taken 29 times
  • The average score is 14 of 16

Answer Stats

HintAnswer% Correct
601 kmEgypt
100%
531 kmTurkey
100%
1202 kmBulgaria
96%
Mystery CountryCyprus
96%
914 kmGreece
96%
1361 kmAlbania
93%
428 kmJordan
93%
1280 kmNorth Macedonia
93%
241 kmLebanon
89%
1199 kmRomania
89%
326 kmSyria
89%
1460 kmMontenegro
86%
1124 kmArmenia
82%
1230 kmGeorgia
82%
1034 kmIraq
82%
1366 kmMoldova
64%

Score Distribution

Percentile by Number Answered

Percent of People with Each Score

Your Score History

You have not taken this quiz